Činnosť Historického ústavu SAV za rok 2001

Bibliographic Details
Main Author: Fabricius, M. (Author)
Format: Article
Language:Slovak
ISSN:0018-2575
Subjects:

MARC

LEADER 00000nab a2200000 a 4500
001 vtls000803340
003 SK-MaSNL
005 20260304110225.0
008 250429c2002 xo 0 slo
015 |a SNBRB2002/08-25491 
035 |a CLN000154995 
035 |a (urnnbn)urn:nbn:sk:snk:ar-004tra 
035 |a (uuid)31294e1c-9c78-43d6-9892-ab33101dbaa0 
035 |a urn:nbn:sk:snk-ab7xxj 
040 |a SNKBUCL  |b slo  |c SNKBUCL  |e AACR2 
041 0 |a slo 
044 |a xo  |c SK 
080 |a 930.1:061.12(437.6)SAV  |2 1997 
080 |a 061.12(437.6)SAV  |2 1997 
100 1 |a Fabricius, M.  |4 aut  |9 983419 
245 1 0 |a Činnosť Historického ústavu SAV za rok 2001  |c M. Fabricius 
610 2 7 |a Slovenská akadémia vied.  |b Historický ústav  |2 snkbucl  |9 124213 
655 7 |a články z novín a časopisov  |2 snkbucl  |9 267496 
773 0 |t Historický časopis  |g Roč. 50, č. 1 (2002), s. 200-204  |x 0018-2575 
850 |a Slovenská národná knižnica 
852 |a Slovenská národná knižnica 
954 |a odborná, vedecká literatúra pôvodná (slovenská)  |2 lita 
958 |a article9 
958 |a OND 
958 |a EUIPO 
992 |a RBX 
999 |c 2859021  |d 2860951